Visual electrodiagnosis in systemic diseases : proceedings of the 17th I.S.C.E.V. symposium, Erfurt, June 5-10, 1979 /

Bibliographic Details
Corporate Author: International Society for Clinical Electroretinography Vision
Other Authors: Schmöger, E. (Elisabeth), Kelsey, J. H.
Format: Book
Language:English
Published: The Hague : Boston : W. Junk ; 1980.
Series:Documenta ophthalmologica. Proceedings series ; v. 23.
Subjects:

MARC

Tag First Indicator Second Indicator Subfields
LEADER 00000pam a2200000 a 4500
001 in00000080891
005 20151008054119.0
008 800731s1980 ne a b 10010 engm
010 |a  80020630  
020 |a 9061931630 
035 |a (OCoLC)06627251 
035 |9 AAH9677AM 
040 |a DLC  |c DLC  |d m.c.  |d TXA  |d UtOrBLW 
049 |a TXAM  |c [1422155] 
050 0 0 |a RE79.E4  |b I58 1980 
060 0 |a W3 DO637 v. 23 1979  |a WW475 I605v 1979 
082 0 |a 616.07/547  |2 19 
110 2 |a International Society for Clinical Electroretinography Vision. 
245 1 0 |a Visual electrodiagnosis in systemic diseases :  |b proceedings of the 17th I.S.C.E.V. symposium, Erfurt, June 5-10, 1979 /  |c edited by E. Schmoger and J.H. Kelsey. 
264 1 |a The Hague :  |b Boston : W. Junk ;  |c 1980. 
264 2 |a Hingham, MA :  |b Distributors for the U.S. and Canada, Kluwer Boston, 
300 |a ix, 289p :  |b illustrations ;  |c 24 cm. 
336 |a text  |b txt  |2 rdacontent 
337 |a unmediated  |b n  |2 rdamedia 
338 |a volume  |b nc  |2 rdacarrier 
490 1 |a Documenta ophthalmologica : Proceedings series ;  |v v. 23 
504 |a Includes bibliographies. 
650 0 |a Electroretinography  |x Congresses. 
650 0 |a Ocular manifestations of general diseases  |x Congresses. 
650 2 |a Eye Manifestations  |x Congresses. 
650 2 |a Electrooculography  |x Congresses. 
700 1 |a Schmöger, E.  |q (Elisabeth) 
700 1 |a Kelsey, J. H. 
830 0 |a Documenta ophthalmologica.  |p Proceedings series ;  |v v. 23. 
999 |a MARS 
999 f f |s ac2bd6b2-7a35-33c7-b6d7-7fa37c7c07fc  |i 82451ff0-1720-3693-a58a-46ffba443a4c  |t 0 
952 f f |p ric  |a Texas A&M University  |b Rellis Campus  |c Joint Library Facility  |d Remote Storage  |t 0  |e RE79.E4 I58 1980  |h Library of Congress classification  |i unmediated -- volume  |m A14806231525 
998 f f |a RE79.E4 I58 1980  |t 0  |l Remote Storage